000 00587nam a22001697a 4500
999 _c177686
_d177686
005 20210225142857.0
010 _aENG-129062
020 _c499.00
_a978-0-7537-3347-9
035 _aEN-112594
037 _bDBAD/PUB
082 _a920
245 _aWomen Who Changed the World: The Most Remarkable Women of the Last 100 Years
260 _aGurugram
_bHachette Book Publishing India Pvt. Ltd.
_c2019
270 _bGurugram
_a4th/5th Floors, Corporate Centre, Plot No- 94, Sec- 44
_e122003
300 _a192p.
_c22cm(hbk)
_bIncluding Index.
942 _2ddc
_cEN
_h920
_mWOM